Statistics for Word Scramble- Canadian Cities

Click here to take the quiz!

General Stats

  • This quiz has been taken 97 times
  • The average score is 10 of 15

Answer Stats

Scrambled Cities % Correct
DNLOONLONDON
89%
GPNNIEWIWINNIPEG
89%
XHLAFIAHALIFAX
88%
ACLYRGACALGARY
86%
NAIRAGANIAGARA
78%
STOKASOANSASKATOON
74%
IVTOCIARVICTORIA
70%
YUSRRESURREY
70%
TLMEONRAMONTREAL
62%
MOTNNODEEDMONTON
55%
KLLYNEWOFIEYELLOWKNIFE
55%
WSOAHAOSHAWA
53%
RAENGIREGINA
42%
LEEGTDHIRBLETHBRIDGE
36%
BONUS: ATLREALERT
13%

Score Distribution

Percentile by Number Answered

Percent of People with Each Score

Your Score History

You have not taken this quiz